| 000 | 00354nam a2200133Ia 4500 | ||
|---|---|---|---|
| 008 | 220204s9999 xx 000 0 und d | ||
| 082 |
_a631(213) _bMAN |
||
| 100 | _aMANSHARD, Walther | ||
| 245 | 0 | _aTropical agriculture | |
| 260 |
_aLondon _bLongman _c1974 |
||
| 505 | _aTr from the German by Naylon D A M | ||
| 650 | _aTropical agriculture | ||
| 942 | _cBK | ||
| 999 |
_c25155 _d25155 |
||